Statistics for Historical Dates

Click here to take the quiz!

General Stats

  • This quiz has been taken 53 times
  • The average score is 9 of 11

Answer Stats

HintAnswer% Correct
Rome falls under the hand of the Barbarians476
98%
The End of the Cold War1991
92%
Constantinople falls to the Arabs1453
88%
The Great Depression1929
88%
The beginning of the French Revolution1789
82%
Boston Tea Party1773
76%
The Big Fire of London1666
74%
Mary of the Scots is beheaded1587
72%
The arriving of the British colonials to Virginia1606
72%
Foundation of the Republican Party1848
72%
The Unification of Italy comes to an end1870
72%

Score Distribution

Percentile by Number Answered

Percent of People with Each Score

Your Score History

You have not taken this quiz